Представление документа в формате RUSMARC

ПолеНазваниеЗначение
  Тип записи a
  Библиографический уровень m
001 Контрольный номер UONB/MAIN/b4710b04dc8e41fd931628b8a7bbbbaa
005 Дата корректировки 20260408165232.5
010 Индекс ISBN __
a ISBN 978-5-6042889-7-9
b Уточнения в пер.
9 Тираж 600 экз.
100 Данные общей обработки __
a Данные общей обработки 20260305d2020 u y0rusy0189 ca
101 Язык документа 0_
a Язык текста rus
102 Страна публикации __
a Страна публикации RU
105 Кодированные данные (монография) __
a Кодированные данные (монография) y z 000ay
200 Заглавие и сведения об ответственности 1_
a Заглавие Век такой, какой напишешь
f Первые сведения об ответственности В. Г. Попов
e Сведения, относящиеся к заглавию избранная публицистика
203 Вид содержания и тип средства __
a Вид содержания Текст
b Характеристика содержания визуальный
c Тип средства непосредственный
210 Выходные данные 1_
a Место издания Санкт-Петербург
c Издательство Аврора
d Дата издания 2020
215 Физическое описание __
a Объем 413, [2] с.
d Формат 22 см
225 Серия 1_
a Серия Библиотека журнала "Аврора"
316 Примечания об особенностях экземпляра __
x Типология владельческих признаков Дарственная надпись
x Типология владельческих признаков Автограф
y Дата 18.03.2025
9 Инвентарный номер 1163758
317 Примечания о происхождении экземпляра __
a Примечания о происхождении экземпляра В дар от участников "Книжный поезд 2025"
9 Инвентарный номер 1163758
333 Примечание о целевом назначении __
a Примечание о целевом назначении 16+
606 Тематические рубрики 0_
a Основная рубрика Публицистика (х. л.)
610 Ключевые слова 0_
a Ключевые слова проза русская; публицистика
686 Индексы других классификаций __
2 Код системы rubbk
a Классификационный индекс 84Р2-47
700 Автор _1
a Фамилия Попов
b Имя (инициалы) В. Г.
g Полное личное имя Валерий Г.
801 Источник записи _0
a Страна RU
b Организация Ульяновская ОНБ
c Дата составления 20260305
g Правила каталогизации RCR
801 Источник записи _1
a Страна RU
b Организация Ульяновская ОНБ
c Дата составления 20260305
g Правила каталогизации RCR
900 Электронные ресурсы __
a Имя электронного ресурса д170220260046
900 Электронные ресурсы __
a Имя электронного ресурса д170220260047
901 Тип документа __
t Тип документа m
909 Создатель записи __
a Создатель записи Макушик
b Дата создания записи 20260305
910 Корректоры записи __
a Корректор записи Пряхина
b Дата внесения изменения в запись 20260402
910 Корректоры записи __
a Корректор записи Моргунова
b Дата внесения изменения в запись 20260408
935 Информация о редкой книге __
a Статус редкой книги РК